Financial Management. (Record no. 349123)

000 -LEADER
fixed length control field 00518 a2200193 4500
003 - CONTROL NUMBER IDENTIFIER
control field NUST
005 - DATE AND TIME OF LATEST TRANSACTION
control field 20231219162552.0
008 - FIXED-LENGTH DATA ELEMENTS--GENERAL INFORMATION
fixed length control field 231219b ||||| |||| 00| 0 eng d
020 ## - INTERNATIONAL STANDARD BOOK NUMBER
International Standard Book Number 0324224990
024 ## - OTHER STANDARD IDENTIFIER
Standard number or code 2003112532
082 ## - DEWEY DECIMAL CLASSIFICATION NUMBER
Classification number 658.15
Author Mark BRI
100 ## - MAIN ENTRY--PERSONAL NAME
Personal name Brigham,Eugene F.
9 (RLIN) 112217
245 ## - TITLE STATEMENT
Title Financial Management.
Remainder of title Theory and Practice.
Statement of responsibility, etc. Eugene F.Brigham
250 ## - EDITION STATEMENT
Edition statement 11th.
260 ## - PUBLICATION, DISTRIBUTION, ETC.
Place of publication, distribution, etc. South-Western
Name of publisher, distributor, etc. Thomson
Date of publication, distribution, etc. 2005.
300 ## - PHYSICAL DESCRIPTION
Extent 1000p.
500 ## - GENERAL NOTE
General note Paper cover
942 ## - ADDED ENTRY ELEMENTS (KOHA)
Institution code [OBSOLETE] NBS
Koha item type Book
Call number prefix 658.15 BRI
Source of classification or shelving scheme
Holdings
Withdrawn status Lost status Source of classification or shelving scheme Damaged status Not for loan Permanent Location Current Location Date acquired Total Checkouts Total Renewals Full call number Barcode Date last seen Date last checked out Price effective from Koha item type
          Central Library (CL) Central Library (CL) 08/28/2013 12 1 658.15 BRI NBS5692 12/01/2024 10/19/2024 08/28/2013 Book
© 2023 Central Library, National University of Sciences and Technology. All Rights Reserved.